Concise Commentary on The Bharatiya Nagarik Suraksha Sanhita, 2023 (Record no. 20770)
[ view plain ]
| 000 -LEADER | |
|---|---|
| fixed length control field | 00334nam a22001217a 4500 |
| 008 - FIXED-LENGTH DATA ELEMENTS--GENERAL INFORMATION | |
| fixed length control field | 240805b |||||||| |||| 00| 0 eng d |
| 020 ## - INTERNATIONAL STANDARD BOOK NUMBER | |
| ISBN | 9788119403752 |
| 100 ## - MAIN ENTRY--AUTHOR NAME | |
| Personal name | N. Saxena |
| 245 ## - TITLE STATEMENT | |
| Title | Concise Commentary on The Bharatiya Nagarik Suraksha Sanhita, 2023 |
| 260 ## - PUBLICATION, DISTRIBUTION, ETC. (IMPRINT) | |
| Place of publication | Gurgaon |
| Name of publisher | Lexis Nexis |
| Year of publication | 2024 |
| 300 ## - PHYSICAL DESCRIPTION | |
| Number of Pages | 464 |
| 942 ## - ADDED ENTRY ELEMENTS (KOHA) | |
| Source of classification or shelving scheme | Dewey Decimal Classification |
| Koha item type | Books |
| Accession Number | Bill Date | Source of acquisition | Price effective from | Koha item type | Withdrawn / writtenoff status | Damaged status | Not for loan | Permanent Location | Current Location | Shelving location | Date acquired | Lost/ Missing status | department |
|---|---|---|---|---|---|---|---|---|---|---|---|---|---|
| LLB 1310 | 30-7-2024 | ABD, Jammu | 08/05/2024 | Books | Not For Loan | MIET Library, Jammu | MIET Library, Jammu | 177/1 | 08/02/2024 | BBA LLB | |||
| LLB 1311 | 30-7-2024 | ABD, Jammu | 08/05/2024 | Books | MIET Library, Jammu | MIET Library, Jammu | 177/1 | 08/02/2024 | BBA LLB | ||||
| LLB 1312 | 30-7-2024 | ABD, Jammu | 08/05/2024 | Books | MIET Library, Jammu | MIET Library, Jammu | 177/1 | 08/02/2024 | BBA LLB | ||||
| LLB 1313 | 30-7-2024 | ABD, Jammu | 08/05/2024 | Books | MIET Library, Jammu | MIET Library, Jammu | 177/1 | 08/02/2024 | BBA LLB | ||||
| LLB 1314 | 30-7-2024 | ABD, Jammu | 08/05/2024 | Books | MIET Library, Jammu | MIET Library, Jammu | 177/1 | 08/02/2024 | BBA LLB |